000 01735nac a22004211u 4500
010 _a 2006401711
020 _a3931936414 (English edition : pbk.)
035 _a(OCoLC)ocm56068133
082 0 0 _a392.360917
_bKRI
090 _c8444
_d8444
100 _aKries, Mateo
245 0 0 _aLiving under the crescent moon : domestic culture in the Arab world /
_bdomestic culture in the Arab world /
_ceditor, Mateo Kries, Alexander von Vegesack [et. al. ] ; translations: Jeremy Gaines, ...[et. al. ]
260 _aWeil am Rhein :
_bVitra Design Museum,2003
_cc2003.
300 _a348 p. :
_bill. (some col.), maps (some col.) ;
_c33 cm.
500 _aExhibition catalog.
500 _aDistributer: Al-Ahram
504 _aIncludes bibliographical references (p. 345-346).
511 _aCatalogued by: Sara
650 0 _aDwellings
_zArab countries
_vExhibitions.
650 0 _aMaterial culture
_zArab countries
_vExhibitions.
650 0 _aArchitecture, Domestic
_zArab countries
_vExhibitions.
650 0 _aArchitecture, Vernacular
_zArab countries
_vExhibitions.
650 0 _aArchitecture domestique
_zEÌ?tats arabes.
650 0 _aWoningen.
650 0 _aWooncultuur.
650 0 _aInterieurkunst.
650 0 _aHuisvesting.
650 0 _aBouwkunst.
650 0 _aGebouwen.
651 0 _aArab countries
_xSocial life and customs
651 0 _aArab countries
_xSocial life and customs
651 0 _aEÌ?tats arabes
_xMoeurs et coutumes.
700 1 _aKries, Mateo,
_d1974-
700 1 _aGaines, Jeremy
710 2 _aVitra Design Museum.
942 _cBB
_k392.360917KRI
999 _c8444
_d8444